Normal view MARC view
  • Searles, George J.

Entry Personal Name

Number of records used in: 1

001 - CONTROL NUMBER

  • control field: 153767

003 - CONTROL NUMBER IDENTIFIER

  • control field: DLC

005 - DATE AND TIME OF LATEST TRANSACTION

  • control field: 20260417133953.0

008 - FIXED-LENGTH DATA ELEMENTS

  • fixed length control field: 840112n| azannaab |n aaa

010 ## - LIBRARY OF CONGRESS CONTROL NUMBER

  • LC control number: n 82243089

040 ## - CATALOGING SOURCE

  • Original cataloging agency: DLC
  • Language of cataloging: eng
  • Description conventions: rda
  • Transcribing agency: DLC
  • Modifying agency: DLC

046 ## - SPECIAL CODED DATES

  • Birth date: 19441110

100 1# - HEADING--PERSONAL NAME

  • Personal name: Searles, George J.
  • Fuller form of name: (George John),
  • Dates associated with a name: 1944-

670 ## - SOURCE DATA FOUND

  • Source citation: His The fiction of Philip Roth and John Updike, c1985:
  • Information found: CIP t.p. (George J. Searles) pub. info. (Searles, George John; b. 11/10/44)

670 ## - SOURCE DATA FOUND

  • Source citation: Workplace communication, 2019:
  • Information found: ECIP t.p. (George J. Searles, Mohawk Valley Community College)
Devinim Yazılım Eğitim Danışmanlık tarafından Koha'nın orjinal sürümü uyarlanarak geliştirilip kurulmuştur.